Továbbtanulási lehetőségek magyarországi felsőoktatási intézményekben

Bibliographic Details
Format: Article
Language:Hungarian
Slovak
Subjects:

MARC

LEADER 00000nab a2200000 a 4500
001 vtls000426903
003 SK-MaSNL
005 20260318115010.0
008 160202c1991 xo 0 hun
015 |a SNBRB19rr/mm-uuuuu 
035 |a CL0427031 
040 |a SNKBUCL  |b slo  |c SNKBUCL  |e AACR2 
041 0 |a slo 
044 |a xo  |c SK 
080 |a 378.4/.6(439):371.212.52(437.6=945.11)=945.11  |2 1981 
080 |a 371.212.52(437.6=945.11)=945.11  |2 1981 
080 |a 371.212.52(437.6=945.11)  |2 1981 
245 0 0 |a Továbbtanulási lehetőségek magyarországi felsőoktatási intézményekben 
650 0 7 |a vysoké školy  |2 snkbucl  |9 1277 
651 7 |a Maďarsko  |2 snkbucl  |9 16754 
655 7 |a články z novín a časopisov  |2 snkbucl  |9 267496 
773 0 |t Szabad földműves újság  |g Roč. 1, č. 11 (1. 3. 1991), s. 2 
850 |a Slovenská národná knižnica v Martine  |a MTA001 
852 |a SNK  |b KIS3GCP 
958 |a RK 
958 |a HU 
992 |a RBX 
999 |c 3299913  |d 3301843